|
|
|
|
| LEADER |
01557nam a2200301 i 4500 |
| 001 |
10060952 |
| 003 |
GR-PaULI |
| 005 |
20240731121215.0 |
| 008 |
070425s1998 gr g b 1 gre d |
| 020 |
|
|
|a 9609104207
|
| 040 |
|
|
|a GR-PaULI
|c GR-PaULI
|b gre
|e AACR2
|
| 041 |
0 |
|
|a gre
|
| 082 |
0 |
4 |
|a 410
|2 23
|
| 100 |
1 |
|
|a Μπαμπινιώτης, Γεώργιος Δ.,
|d 1939-
|9 6617
|e συγγραφέας
|
| 245 |
1 |
0 |
|a Θεωρητική γλωσσολογία :
|b εισαγωγή στη σύγχρονη γλωσσολογία /
|c Γεωργίου Μπαμπινιώτη.
|
| 250 |
|
|
|a 2η έκδ.
|
| 260 |
|
|
|a Αθήνα :
|b [χ.ό.],
|c 1998.
|
| 300 |
|
|
|a 303 σ. :
|c 21 εκ.
|
| 504 |
|
|
|a Περιλαμβάνει βιβλιογραφία και ευρετήριο.
|
| 650 |
|
0 |
|a Γλωσσολογία
|9 517
|
| 852 |
|
|
|a GR-PaULI
|b ΠΑΤΡΑ
|b ΒΚΠ
|b ΒΣ1
|k ΑΣΧΕ
|h 410 ΜΠΑ
|m 083536
|p 025000150568
|t 1
|
| 942 |
|
|
|2 ddc
|c BK15
|
| 952 |
|
|
|0 0
|1 0
|4 0
|6 410_000000000000000_ΜΠΑ
|7 0
|9 58700
|a LISP
|b LISP
|c BSC
|d 2016-04-24
|i 083536
|l 9
|o 410 ΜΠΑ
|p 025000150568
|r 2024-12-13 08:51:48
|s 2024-11-22
|t 1
|w 2016-04-24
|y BK15
|
| 952 |
|
|
|0 0
|1 0
|2 ddc
|4 0
|6 410_000000000000000_ΜΠΑ
|7 0
|9 246670
|a LISK
|b LISK
|c BSC
|d 2021-01-17
|e 24
|f 0
|g 0.00
|l 0
|o 410 ΜΠΑ
|p 92410018439
|r 2021-01-17 00:00:00
|t 1
|w 2021-01-17
|y BK15
|x 20010201 0 1
|x GrPaTEI
|
| 952 |
|
|
|0 0
|1 0
|2 ddc
|4 0
|6 410_000000000000000
|7 0
|9 382601
|a THST
|b THST
|d 2024-07-31
|i 017992
|l 0
|o 410
|p 025000311162
|r 2024-07-31 00:00:00
|t 3
|w 2024-07-31
|y BK15
|
| 998 |
|
|
|c ΣΚΟΝΔΡΑ
|d 2007-04
|
| 998 |
|
|
|c ΜΑΝΙΑ
|d 2024-07
|
| 999 |
|
|
|c 37309
|d 37309
|